Construction deaths down 25% (Record no. 70841)

MARC details
000 -LEADER
fixed length control field 00711cam a2200193 4500
001 - CONTROL NUMBER
control field WB3828-07
008 - FIXED-LENGTH DATA ELEMENTS--GENERAL INFORMATION
fixed length control field 020730n2002 000 0 eng u
035 ## - SYSTEM CONTROL NUMBER
System control number (Sirsi) u119095
245 ## - TITLE STATEMENT
Title Construction deaths down 25%
260 ## - PUBLICATION, DISTRIBUTION, ETC.
Date of publication, distribution, etc. 2002
490 ## - SERIES STATEMENT
Series statement HSE News Release
Volume/sequential designation (CO32:02) 25 July 2002, (3)
520 ## - SUMMARY, ETC.
Summary, etc. HSE announced construction deaths stood at 79 at end of March 2002, a 25% decrease on 105 last year. HSE warns that recent inspections have highlighted problems in almost half the sites, however. www.hse.gov.uk/press/2002/c0203.htm
590 ## - LOCAL NOTE (RLIN)
Local note WB
650 ## - SUBJECT ADDED ENTRY--TOPICAL TERM
Topical term or geographic name entry element BUILT ENVIRONMENT
650 ## - SUBJECT ADDED ENTRY--TOPICAL TERM
Topical term or geographic name entry element ACCIDENTS AT WORK
650 ## - SUBJECT ADDED ENTRY--TOPICAL TERM
Topical term or geographic name entry element INSPECTIONS
690 ## - LOCAL SUBJECT ADDED ENTRY--TOPICAL TERM (OCLC, RLIN)
Topical term or geographic name as entry element Health and safety
9 (RLIN) 6244
942 ## - ADDED ENTRY ELEMENTS (KOHA)
Suppress in OPAC 0
Holdings
Withdrawn status Lost status Source of classification or shelving scheme Damaged status Not for loan Home library Current library Shelving location Date acquired Total Checkouts Full call number Barcode Date last seen Copy number Price effective from Koha item type
    Dewey Decimal Classification     London London News article 30/07/2002   WB3828-07 119095-1001 06/08/2019 1 06/08/2019 News article